Dějiny české hudební kultury 1890-1945 /

Other Authors: Smetana, Robert, 1904-1988
Language: German
Czech
Published: Praha : Academia, 1972-1981
Edition: 1. vyd.
Online Access: Digitalizovaný dokument
Physical Description: 2 sv. ; 4°
Subscribed volumes: 1-2, 1-2
Language note: Částečně anglický a německý text
Book
Saved in:
LEADER 01889nam a22004092aa4500
001 001773387
003 CZ BrMZK
005 20221111100553.0
007 ta
008 201009m19721981xr af er|||||||||||cze d
015 |a cnb000127108 
035 |a (OCoLC)28780813 
040 |a ABA001  |b cze  |d BOA001 
041 0 |a cze  |b eng  |a ger 
080 9 |a 78(437.1/.2)(091)"1890/1945" 
245 0 0 |a Dějiny české hudební kultury 1890-1945 /  |c redakce Robert Smetana 
250 |a 1. vyd. 
260 |a Praha :  |b Academia,  |c 1972-1981 
300 |a 2 sv. ;  |c 4° 
500 |a 5000 výt. 
500 |a Dostupné též v digitální podobě v aplikaci Kramerius 
504 |a Obsahuje bibliografii a rejstřík 
505 0 |a 1. 1890-1918. 1972. 299 s., [121] s. obr. příl.-- 2. 1918-1945. 1981. 538 s., [120] s. obr. příl. 
546 |a Částečně anglický a německý text 
650 0 7 |a dějiny hudby  |7 ph120731  |z Česko  |2 czenas 
650 0 7 |a hudební život  |7 ph135177  |z Česko  |y 1918-1945  |2 czenas 
650 0 7 |a kulturní život  |7 ph122030  |z Česko  |y 1918-1945  |2 czenas 
655 7 |a příručky  |7 fd133209  |2 czenas 
700 1 |a Smetana, Robert,  |d 1904-1988  |7 jk01120057  |4 edt 
856 4 1 |u http://www.digitalniknihovna.cz/mzk/uuid/uuid:84adb870-e70f-11e3-adbd-5ef3fc9bb22f  |y Digitalizovaný dokument  |x NDK 
910 |a BOA001  |b PK-N-0015.241  |b 3-0698.798  |s 1-2, 1-2 
990 |a BK 
991 |b 202010 
996 7 |b 2619834184  |c 3-0698.798  |d 2.,1918-1945  |v 2  |l MZK  |r Sklad / do 1 hodiny  |n 54  |w 001831265  |u 000050  |a 1  |e BOA001  |j MZK50  |s A 
996 7 |b 2619958646  |c 3-0698.798  |d 1.,1890-1918  |v 1  |l MZK  |r Sklad / do 1 hodiny  |n 39  |w 001831265  |u 000040  |a 1  |e BOA001  |j MZK50  |s A 
996 6 |b 3119940850  |c PK-N-0015.241  |d 1.,1890-1918  |v 1  |l MZK  |r HSS 4p  |n 0  |h 78.01 DĚJ  |w 001831265  |u 000020  |a 0  |e BOA001  |j MZK50  |s P 
996 6 |b 3119940851  |c PK-N-0015.241  |d 2.,1918-1945  |v 2  |l MZK  |r HSS 4p  |n 0  |h 78.01 DĚJ  |w 001831265  |u 000030  |a 0  |e BOA001  |j MZK50  |s P